Účtovné poňatie výkonov v štruktúre výnosov podnikov
Zákon o účtovníctve definuje základné pojmy používané v účtovníctve. Medzi základné definície patria náklady, výnosy, príjmy a výdavky. Rozdiel medzi nákladmi a výnosmi je hospodársky výsledok, ktorý rozlišujeme pred zdanením a po zdanení. Pred procesom výpočtu zisku alebo straty každý subjekt gener...
Guardado en:
| Autor principal: | |
|---|---|
| Otros Autores: | , |
| Formato: | Capítulo de libro |
| Lenguaje: | eslovaco |
| Materias: | |
| Etiquetas: |
Sin Etiquetas, Sea el primero en etiquetar este registro!
|
MARC
| LEADER | 00000naa a2200000 4500 | ||
|---|---|---|---|
| 001 | 0312446 | ||
| 005 | 20250925093937.3 | ||
| 041 | 0 | |a slo | |
| 044 | |a SK | ||
| 245 | 1 | 0 | |a Účtovné poňatie výkonov v štruktúre výnosov podnikov |c Nora Štangová, Agneša Víghová, Gábor Hulitka |
| 520 | |a Zákon o účtovníctve definuje základné pojmy používané v účtovníctve. Medzi základné definície patria náklady, výnosy, príjmy a výdavky. Rozdiel medzi nákladmi a výnosmi je hospodársky výsledok, ktorý rozlišujeme pred zdanením a po zdanení. Pred procesom výpočtu zisku alebo straty každý subjekt generuje výstupy na dosiahnutie maximálnej hospodárnosti a efektívnosti organizácie. Vzťah medzi generovaním výstupov v transformačnom procese a ich premenou na výnosy s cieľom kvantifikovať hospodársky výsledok. Dôležitosť hodnotenia výnosov, nákladov a hospodárskych výsledkov pomocou ukazovateľov finančnej analýzy. Vyššie uvedené súvislosti a prezentácie výsledkov sú dôležité pre manažérov pri rozhodovaní o alokácii finančných zdrojov subjektu. | ||
| 610 | 2 | 0 | |a účtovníctvo |
| 610 | 2 | 0 | |a analýza finančná |
| 610 | 2 | 0 | |a meranie výkonnosti |
| 610 | 2 | 0 | |a náklady |
| 610 | 2 | 0 | |a výnosy |
| 100 | 1 | |a Štangová, Nora | |
| 700 | 1 | |a Víghová, Agneša | |
| 700 | 1 | |a Hulitka, Gábor | |